000 02477nam a2200445 a 4500
003 BLK
005 20250531114948.0
008 180408b bul|||||r ||||||| ||bul||
020 _a9544312226
020 _a9789544312220
020 _a9789544311988
040 _aBLK
041 _aBUL
_cBUL
080 _aЛитература на отделни езици и езикови семейства
_b821
_x-93-34
_z821-93-34
084 _aЛ 95
100 1 _aБратя Грим
_9368076
245 1 0 _aЛюбими приказки
_cот Братя Грим и др.; худож. М. Пъйлцин; прев. от рус. Галина Златина; Галина Йорданова Златарева.
257 _aSB
260 _aСофия
_bЗлатното пате
_c2004
_fСофия : Образование и наука
300 _a146 с.
_bс цв. ил.
_c25 см
380 _aDX
490 _aЛюбими приказки
_v4
_9203132
500 _aПрев. по Любимые сказки. - Други авт. : В. Хауф, М. Матерлинк, Шехерезада, Ш. Перо, С. Топелиус; Авт. М. Метерлинк погрешно отбелязан в съдърж. Метерлинк и на кор. М. Матерлинк; Галина Златина - псевд. на Галина Йорданова Златарева; В кн. името на худож. М. Пъйлцен.
505 _rБратя Грим
_tСнежанка и седемте джуджета
505 _rШарл Перо
_tКрасавицата и звярът
505 _rВилхелм Хауф
_tДжуджето Дългоноско
505 _rШехерезада
_tАладин и вълшебната лампа
505 _rМетерлинг
_tСинята птица
505 _rВилхелм Хауф
_tМалкият Мук
505 _rТопелиус
_tЗимна приказка
653 _aприказки
653 _aлитература за деца
653 _aдетска литература
700 1 _aПъйлцин, Михаил Алексеевич
_eхудож.
_9113554
700 _aЗлатарева, Галина Йорданова
_d1954
_9363759
852 _aЦб 232789
_bД
_c821-93/Л 95
942 _cKNG
_n0
_s1
_06
944 _aCR
_c28.03.2007
_lАнна Гръцманова
_k30564
999 _c69197
_d69197